00485nam a2200157Ia 4500008004100000082001600041100001900057245002300076250000800099260002800107300000800135650001200143942001200155952014500167999001500312150201s2012 xx 000 0 und d a610.7bC12G aGUSAIN, SHOBHA aCARING FOR ELDERLY a1ST bKUMAR PUB.aDELHIc2012 a123 aNURSING 2ddccBK 00102ddc40708NURSINGaFMbFMcTXTd2014-07-06eABC DELHIg100.00iSGTUl0o610.7 C12GpFN1855r2020-10-22 00:00:00w2014-07-06yBKk4669 c2290d2290